LEADER 01020nam a2200265 i 4500 001 991002107969707536 005 20020507160222.0 008 000316s1982 it ||| | ita 035 $ab11609916-39ule_inst 035 $aLE02730614$9ExL 040 $aDip.to Studi Giuridici$bita 082 0 $a346.7 084 $aCM-XI/Z 100 1 $aSpolidoro, Marco Saverio$0105640 245 13$aLe misure di prevenzione nel diritto industriale /$cMarco Saverio Spolidoro 260 $aMilano :$bA. Giuffrè,$c1982 300 $a309 p. ;$c25 cm. 490 0 $aStudi di diritto privato della Università degli studi di Milano, Facoltà di giurisprudenza ;$v30 650 4$aDiritto industriale 907 $a.b11609916$b01-03-17$c02-07-02 912 $a991002107969707536 945 $aLE027 CM-XI/Z 1$g1$iLE027CL-2478$lle027$o-$pE0.00$q-$rl$s- $t0$u0$v0$w0$x0$y.i11824268$z02-07-02 996 $aMisure di prevenzione nel diritto industriale$9579633 997 $aUNISALENTO 998 $ale027$b01-01-00$cm$da $e-$fita$git $h3$i1